| 000 -ლიდერი |
| ფიქსირებული სიგრძის საკონტროლო ველი |
01124nam a22002177a 4500 |
| 003 - საკონტროლო ნომრის იდენტიფიკატორი |
| საკონტროლო ველი |
Ge_BSU |
| 005 - ბოლო ოპერაციის თარიღი და დრო |
| საკონტროლო ველი |
20221201112858.0 |
| 008 - ფიქსირებული სიგრძის მონაცემთა ელემენტები - ზოგადი ინფორმაცია |
| ფიქსირებული სიგრძის საკონტროლო ველი |
221201s1980ge xxu||||| |||| 00| 0 geo d |
| 041 ## - ენის კოდი |
| Language code of text/sound track or separate title |
geo |
| 080 ## - უნივერსალური ათობითი კლასიფიკაციის ინდექსი |
| Universal Decimal Classification number |
910.4(09) ს - 66 |
| 100 ## - მთავარი ჩანაწერი - პიროვნების სახელი |
| Personal name |
სოზინა, ს.ა., ავტ. |
| 9 (RLIN) |
16272 |
| 245 ## - ცნობა სათაურის შესახებ |
| Title |
ჰორიზონტზეა ელდორადო : კოლუმბიის აღმოჩენისა და დაპყრობის ისტორიიდან / |
| Statement of responsibility, etc |
ს.ა.სოზინა, [მთარგმნელი ო. გრატიაშვილი] |
| 264 ## - წარმოების, გამოცემის, დისტრიბუციის და სხვა ცნობები |
| გამოცემის, წარმოების, დისტრიბუციის... ადგილი |
თბილისი : |
| გამოცემის, წარმოების, დისტრიბუციის... სახელწოდება |
საბჭ. საქართველო, |
| გამოცემის, წარმოების, დისტრიბუციის... თარიღი |
1980. |
| 300 ## - ფიზიკური აღწერა |
| Extent |
259 გვ. ; |
| Other physical details |
21 სმ. |
| 653 ## - INDEX TERM--UNCONTROLLED |
| Uncontrolled term |
კოლუმბიის აღმოჩენა. |
| 653 ## - INDEX TERM--UNCONTROLLED |
| Uncontrolled term |
კოლუმბიის ისტორია. |
| 653 ## - INDEX TERM--UNCONTROLLED |
| Uncontrolled term |
კოლუმბიის გეოგრაფია. |
| 653 ## - INDEX TERM--UNCONTROLLED |
| Uncontrolled term |
მოგზაურობა კოლუმბიაში. |
| 700 ## - ADDED ENTRY--PERSONAL NAME |
| Personal name |
გრატიაშვილი, ო |
| Relator term |
მთარგმნელი |
| 9 (RLIN) |
3499 |
| 942 ## - ADDED ENTRY ELEMENTS (KOHA) |
| Source of classification or shelving scheme |
|
| Koha item type |
წიგნი |